GRAYS ANATOMY (Record no. 1202941)

MARC details
000 -LEADER
fixed length control field 00396nam a2200169Ia 4500
008 - FIXED-LENGTH DATA ELEMENTS--GENERAL INFORMATION
fixed length control field 240830s2008 xx 000 0 und d
041 ## - LANGUAGE CODE
Language code of text/sound track or separate title eng
082 ## - DEWEY DECIMAL CLASSIFICATION NUMBER
Classification number 611/STA
100 ## - MAIN ENTRY--PERSONAL NAME
Personal name STANDRING SUSAN
245 ## - TITLE STATEMENT
Title GRAYS ANATOMY
250 ## - EDITION STATEMENT
Edition statement 4
260 ## - PUBLICATION, DISTRIBUTION, ETC.
Place of publication, distribution, etc. DELHI
Name of publisher, distributor, etc. CHURCHILL LIVINGSTON
Date of publication, distribution, etc. 2008
300 ## - PHYSICAL DESCRIPTION
Extent 1551p
650 ## - SUBJECT ADDED ENTRY--TOPICAL TERM
Topical term or geographic name entry element SHARIR-RACHANA
906 ## - LOCAL DATA ELEMENT F, LDF (RLIN)
a GRAYS ANATOMY

No items available.